Role of nonassociative algebra in projective geometry (Record no. 761169)
[ view plain ]
| 000 -LEADER | |
|---|---|
| fixed length control field | 00492nam a22001697a 4500 |
| 020 ## - INTERNATIONAL STANDARD BOOK NUMBER | |
| ISBN | 9789349750746 |
| 100 ## - MAIN ENTRY--AUTHOR NAME | |
| Personal name | Faulkner, John R |
| 245 ## - TITLE STATEMENT | |
| Title | Role of nonassociative algebra in projective geometry |
| 260 ## - PUBLICATION, DISTRIBUTION, ETC. (IMPRINT) | |
| Place of publication | Telangana |
| Name of publisher | Universities press |
| Year of publication | 2026 |
| 300 ## - PHYSICAL DESCRIPTION | |
| Number of Pages | xiv +229 |
| 490 ## - SERIES STATEMENT | |
| Series statement | Graduate studies in mathematics |
| 500 ## - GENERAL NOTE | |
| General note | Graduate studies in mathematics vol 159 |
| 650 ## - SUBJECT ADDED ENTRY--TOPICAL TERM | |
| Topical Term | Octonion |
| 650 ## - SUBJECT ADDED ENTRY--TOPICAL TERM | |
| Topical Term | Rings |
| 942 ## - ADDED ENTRY ELEMENTS (KOHA) | |
| Source of classification or shelving scheme | Dewey Decimal Classification |
| Koha item type | Book |
| Withdrawn status | Lost status | Source of classification or shelving scheme | Damaged status | Not for loan | Collection code | Home Library | Current Location | Shelving location | Date acquired | Source of acquisition | Cost, normal purchase price | Full call number | Accession Number | Koha item type |
|---|---|---|---|---|---|---|---|---|---|---|---|---|---|---|
| Dewey Decimal Classification | Gift or donation | Dept. of Mathematics | Dept. of Mathematics | General Stacks | 14/05/2026 | 032/NBHM 0038 (Gift from NBHM) | 1195.00 | 516.57 FAU-R | MATG283 | Book |
